000 00560nam a2200205Ia 4500
005 20250508162835.0
008 008 250505s9999 xx 000 0 eng d
020 _a81-7022-318-0
037 _aTextual
040 _aFEDL
_beng
_cFEDL
041 _aeng
_2eng
084 _a376, AGR
_qFEDL
100 _aAgrawal S P
245 0 _aWomen's education in India
260 _aNew Delhi, India
_bConcept Publishing Company
_c1992
300 _a316p.
700 _a Aggarwal J C
_9774163
942 _cTEXL
_h376, AGR
999 _c1378989
_d1378989